000 00581nam a2200277Ia 4500
005 20260127112952.0
008 008 260114s9999 xx 000 0 eng d
020 _a631195653
037 _aTextbook
040 _aPSDL
040 _beng
040 _cPSDL
041 _2eng
041 _aeng
084 _aX:54 N6
084 _qPSDL
245 0 _aGlobal Politics
260 _aOxford
260 _bBlackwell Publishers
260 _c1996
300 _a298p.
942 _cTB
942 _hX:54 N6
999 _c1673825
_d1673825